000 00220nam a2200085Ia 4500
008 120527s9999 xx 000 0 und d
100 _aSTARKEY, Paul
245 _aHarnessing and implements for Animal tradition
942 _cBK
999 _c25107
_d25107